| 000 | 01095nam a2200229Ia 4500 | ||
|---|---|---|---|
| 003 | Ost | ||
| 005 | 20260416102355.0 | ||
| 008 | 260416s9999||||xx |||||||||||||| ||und|| | ||
| 040 | _cfsecg | ||
| 041 | _aara | ||
| 082 | _a519.53 | ||
| 100 |
_aأمزيان، أنيسة _eمؤلف |
||
| 245 | 0 |
_aمحاضرات في مادة الإحصاء الوصفي / _c أنيسة أمزيان |
|
| 260 |
_aالجزائر _bجامعة الجزائر3: كلية العلوم الإقتصادية، العلوم التجارية وعلوم التسيير _c2019 |
||
| 300 |
_a82 ورقة _bايضاحات _c30 سم |
||
| 504 | _aمراجع ص.82 | ||
| 520 | _aماهية علم الاحصاء، تنظيم وعرض البيانات الاحصائية، مقاييس النزعة المركزية، مقاييس التشتت، مقاييس الشكل | ||
| 653 | _aالاحصاء | ||
| 653 | _aالاحصاء الوصفي | ||
| 710 |
_aجامعة الجزائر3: كلية العلوم الإقتصادية، العلوم التجارية وعلوم التسيير _eناشر علمي |
||
| 942 | _cHANDOUT | ||
| 999 |
_c41155 _d41155 |
||